|
|
|
|
| LEADER |
00000nam a2200000 a 4500 |
| 001 |
vtls001324571 |
| 003 |
SK-MaSNL |
| 005 |
20260301235543.0 |
| 008 |
240318s1998 xo 0 slo |
| 015 |
|
|
|a SNBJ1998/02-00935
|
| 035 |
|
|
|a SNK000277304
|
| 040 |
|
|
|a SNK
|b slo
|c SNK
|e AACR2
|
| 044 |
|
|
|a xo
|c SK
|
| 080 |
|
|
|a 252(086.7)
|2 1981
|
| 100 |
1 |
|
|a Betina, R.
|4 aut
|9 42871
|
| 245 |
1 |
0 |
|a Kde je Váš poklad 1. Mojž. 42. 29-43, 1-14 ; Opravná skúška 1. Mojž.43. l4-44, 1-34
|h zvukový dokument
|c R. Betina
|
| 260 |
|
|
|a Bratislava
|b Misijná spoločnosť evanjelia Ježiša Krista
|c [1997]
|
| 300 |
|
|
|a 1 magnetofónová kazeta
|b stereo
|
| 505 |
0 |
|
|a Obsahuje 2 časti
|
| 650 |
0 |
7 |
|a kázne
|2 SNKPH
|9 1954
|
| 655 |
|
7 |
|a magnetofónové kazety
|2 SNKPH
|9 70693
|
| 999 |
|
|
|c 975583
|d 977513
|
| 952 |
|
|
|t P60, <03>, [BOOK], {603}
|a SNK
|b SNK
|y PREZ
|7 0
|p 17A0125419
|o snkK 2049
|i snkJK 117/98
|0 0
|1 0
|4 0
|d 1998-03-16
|l 0
|r 2005-01-02 00:00:00
|w 2026-02-24
|